MDQL
is popping MORE tags! Check the
thread
!
Quizzes
Events
Quiz Creation
Community
Videos
Private Events
Remove Ads
Sign In
Join for FREE
Feedback
Dark Mode
Quiz Categories
Sports
Geography
Music
Movies
Television
Just For Fun
Miscellaneous
History
Literature
Language
Science
Gaming
Entertainment
Religion
Holiday
For Kids
Quiz Lab
Recent
Popular Today
Quiz Kudos Today
Editor Picks
Curator Picks
Quizzes by...
Day
Popularity
Type
Ratings
Length
Year
Community
Subscriptions
Recent Discussions
Orange Saloon
Badges
Playlists
Quests
Create
Leaderboards
Showdown
Live 5
Trivia Bingo
Activity
Puzzle Library
Sporcle Events
Private Events
Virtual Trivia
Globe League
Become a Host
Pub Owners
SporcleCon
Opinionation
Our Games
Videos
Blog
Mobile Apps
Partnerships
Remove Ads and Go Orange
Feedback
Gaming
Video Games
Board Games
Card Games
Pokémon
Mario
Nintendo
Minecraft
Console
Toys
Legend of Zelda
Gaming
Video Games
Board Games
Card Games
Pokémon
Mario
Nintendo
Minecraft
Console
Toys
Legend of Zelda
Random Quiz
Search Sporcle
×
Quiz Lab
Quiz Lab
Gaming
Pokémon
Type in answers that appear in a list
Type in answers that appear in a list
Classic
Best Score? Go Orange.
All Super Smash Bros. Ultimate Characters Stats
Can you name the All Super Smash Bros. Ultimate Characters?
By
LexMario9
12m
74 Questions
85 Plays
85 Plays
85 Plays
Comments
Comments
Give Quiz Kudos
Give Quiz Kudos
-
- Ratings
hide this ad
Replay
Link that replays current quiz
Next Quiz
Link to next quiz in quiz playlist
You Got
0%
They Got
Avg Score
74%
Avg Friend Score
Upgrade to see
Score Distribution
Jump to the score distribution portion of the page
Score
0/74
Timer
12:00
0
Plays Today
Game / Saga
Character
% Correct
Super Mario
Super Mario
97.6%
Donkey Kong
Donkey Kong
94.1%
The Legend Of Zelda
Link
94.1%
The Legend Of Zelda
Young Link
94.1%
The Legend Of Zelda
Toon Link
94.1%
Super Mario & Yoshi's Island
Yoshi
92.9%
Kirby
Kirby
92.9%
Super Mario
Luigi
92.9%
Metroid
Samus
90.6%
Metroid
Dark Samus
90.6%
Pokémon
Pikachu
90.6%
Super Mario
Bowser
90.6%
Metroid
Zero Suit Samus
90.6%
The Legend Of Zelda
Zelda
89.4%
Star Fox
Fox
88.2%
Super Mario
Peach
88.2%
Super Mario & WarioWare
Wario
87.1%
Ice Climber
Ice Climbers
84.7%
Dr. Mario
Dr. Mario
84.7%
Star Fox
Falco
83.5%
The Legend Of Zelda
Ganondorf
83.5%
Mr. Game & Watch
Mr. Game & Watch
83.5%
Earthbound
Ness
81.2%
Super Mario
Daisy
81.2%
Pokémon
Jigglypuff
80%
Pokémon
Pichu
80%
Mega Man
Mega-Man
80%
F-
Zero
Captain Falcon
78.8%
Pac-
Man
Pac-Man
77.6%
Fire Emblem
Marth
76.5%
Pokémon
Mewtwo
76.5%
Kid Icarus
Pit
76.5%
Kid Icarus
Dark Pit
76.5%
Donkey Kong
Diddy Kong
76.5%
Sonic: The Hedgehog
Sonic
75.3%
Street Fighter
Ryu
74.1%
Bayonetta
Bayonetta
74.1%
Game / Saga
Character
% Correct
The Legend Of Zelda
Sheik
72.9%
Fire Emblem
Roy
72.9%
Kirby
Meta Knight
72.9%
Star Fox
Wolf
72.9%
Fire Emblem
Lucina
71.8%
Kirby
King Dedede
71.8%
Punch-
Out!!
Little Mac
71.8%
Metal Gear
Snake
70.6%
Earthbound
Lucas
70.6%
Animal Crossing
Villager
70.6%
Duck Hunt & Duck Season
Duck Hunt
70.6%
Castlevania
Simon
70.6%
Pokémon
Incineroar
70.6%
Fire Emblem
Ike
69.4%
Street Fighter
Ken
69.4%
Animal Crossing
Isabelle
69.4%
Pikmin
Olimar
67.1%
Pokémon
Lucario
67.1%
Pokémon
Greninja
67.1%
Kid Icarus
Palutena
67.1%
Metroid
Ridley
67.1%
Fire Emblem
Chrom
65.9%
Splatoon & Splatoon 2
Inkling
65.9%
Donkey Kong
King K. Rool
65.9%
Super Mario
Bowser Jr.
64.7%
Final Fantasy
Cloud
64.7%
Gyromite & Stack-
Up
R.O.B.
62.4%
Fire Emblem
Corrin
62.4%
Xenoblade
Shulk
61.2%
Super Mario
Rosalina & Luma
60%
-
-
-
Mii Brawler
56.5%
-
-
-
Mii Swordfighter
56.5%
-
-
-
Mii Gunner
56.5%
Fire Emblem
Robin
55.3%
-
-
-
Wii-Fit Trainer
47.1%
Pokémon
Pokémon Trainer
36.5%
Castlevania
Ritcher
21.2%
Quiz Playlist
Details
Report
Send in Message
Add To Playlist
Classic:
Type in answers that appear in a list
Last Updated: Sep 22, 2019
Quiz Scoreboard
CHALLENGE
Sign Up to Join the Scoreboard
Show All
Scores
Hide
Comments
May contain spoilers
Recently Published
1-10 Letter E Words III
by El_Dandy
Language
2m
Street Fighter Characters
by Artimus82
Gaming
60s
College Basketball Coaching Resumes
by pancakes188
Sports
9m
More to Explore
Quiz From the Vault
Featured Blog Post
Where Did the Easter Bunny Come From?
hide this ad
You Might Also Like...
Tags
Console Quiz
Legend of Zelda Quiz
Mario Quiz
Nintendo Quiz
Pokémon Quiz
Video Games Quiz
Final Fantasy
Today's Top Quizzes in Gaming
Browse Gaming
hide this ad
Today's Top Quizzes in Pokémon
Browse Pokémon
Top Contributed Quizzes in Gaming
1
5-to-1: Consoles
2
7-to-1: Board Game Piece Blitz
3
5-to-1: Legend of Zelda
4
League of Legends Pro Players by Career/Team History
5
Destiny 2 exotic weapons by perk icons
6
Ultimate Genshin Impact Logic Puzzle (up to 4.3)
7
Quick Pick: Video Games Lost in Translation
8
Franchise by Action Figure
9
Who's on the WWE 2K24 Cover?
10
Genshin Impact Logic Puzzle Quiz
Explore More
Trending Topics
Crossword
Kpop
NBA
Marvel
Harry Potter
Anime
Disney
Country
The Office
Song
WWE
Puzzle
Pokémon
NFL
Soccer
hide this ad
More By:
LexMario9
Quiz
Plays
Rating
Category
Featured
Created
All Mario Kart Characters
1,187
1.67
Gaming
Sep 6, 2019
FNAF Ultimate Custom Night Characters
932
5.00
Gaming
Sep 13, 2019
All Minecraft Blocks
422
1.80
Gaming
May 5, 2020
All Europe Countries (In Map)
266
1.00
Geography
Sep 6, 2019
Five Nights At Freddy's: Sister Location Characters
263
5.00
Gaming
Jun 23, 2020
Go to Creator's Profile
Score Distribution
Quiz Creator Spotlight
LexMario9
Follow
Send a Message
Quizzes Created
-
Created Quiz Play Count
-
More By This Creator
Popular Quizzes Today
1
Find the US States - No Outlines Minefield
2
Find the Countries of Europe - No Outlines Minefield
3
Find the US States
4
The Countries of the World
5
Risky Map Clicking: Biggest States A-Z
6
US States
7
Popular People in 1961
8
Movies - When Are They Set?
More Gaming Quizzes
Corral Voldemort! # 29
Quiz Lab
Trending Quizzes
Risky Map Clicking: Least Populous States A-Z
1-10 Letter G Words
Countries of the World: 200 Million BC
1-10 Letter F Words
Risky Map Clicking: Next State Alphabetically
Recently Updated
Largest US Cities 1790-2010
pecheneg
Rides in Walt Disney World
pecheneg
Most Oscar Losses (Acting)
pecheneg
Beyoncé Albums
pecheneg
Leaping Animals
pecheneg
Reality TV Shows (A-Z)
bhenderson79
Rickey Henderson's Hall of Fame Teammates
pecheneg
Champions League XIs: Arsenal
pecheneg
Quick Pick: Celebrities in WWE's Hall of Fame
aduchscher
A-Z Keypad Blitz II
pecheneg
Trending Topics
NBA
Marvel
Anime
Crossword
Harry Potter
Kpop
Disney
NFL
Soccer
Pokémon
The Office
Song
WWE
Country
Puzzle
Your Account Isn't Verified!
In order to create a playlist on Sporcle, you need to verify the email address you used during registration. Go to your
Sporcle Settings
to finish the process.
Report this User
Report this user for behavior that violates our
Community Guidelines
.
Details:
Send Report
Go to the Sporcle.com Mobile Site →
Comments